Statistics for Jump around 12 cells - Months of the Year

Click here to take the quiz!

General Stats

  • This quiz has been taken 552 times
  • The average score is 4 of 12

Answer Stats

% Correct
B2
100%
C1
57%
C2
53%
A4
46%
B3
42%
A2
39%
B4
32%
A3
26%
C3
20%
B1
14%
C4
9%
A1
6%

Score Distribution

Percentile by Number Answered

Percent of People with Each Score

Your Score History

You have not taken this quiz